The noble scholar, jurist, historian


 His Excellency Dr. Abdul Wahhab bin Ibrahim Abu Sulaiman, may Allah have mercy on him.


 He was born in Umm Al-Qura in the year 1356 AH.

تعريف عام / (Record no. 13354)

MARC details
000 -LEADER
fixed length control field 01357cam a22003011i 4500
003 - CONTROL NUMBER IDENTIFIER
control field SA-RiAUC
005 - DATE AND TIME OF LATEST TRANSACTION
control field 20251119134806.0
008 - FIXED-LENGTH DATA ELEMENTS--GENERAL INFORMATION
fixed length control field 251118s1997 jo g 000u0 ara c
040 ## - CATALOGING SOURCE
Original cataloging agency SA-JeALM
Language of cataloging ara
Transcribing agency SA-RiAUC
Description conventions rda
041 0# - LANGUAGE CODE
Language code of text/sound track or separate title ara
-- eng
043 ## - GEOGRAPHIC AREA CODE
Geographic area code a-jo---
050 #4 - LIBRARY OF CONGRESS CALL NUMBER
Item number T37 1997
082 04 - DEWEY DECIMAL CLASSIFICATION NUMBER
Classification number 953.00609568
Assigning agency SA-RiAUC
090 ## - LOCALLY ASSIGNED LC-TYPE CALL NUMBER (OCLC); LOCAL CALL NUMBER (RLIN)
Classification number (OCLC) (R) ; Classification number, CALL (RLIN) (NR) 953.00609568
Local cutter number (OCLC) ; Book number/undivided call number, CALL (RLIN) م ج م
110 2# - MAIN ENTRY--CORPORATE NAME
Corporate name or jurisdiction name as entry element المجمع الملكي لبحوث الحضارة الإسلامية
Relator term مؤلف.
245 10 - TITLE STATEMENT
Title تعريف عام /
Statement of responsibility, etc. مؤسسة آل البيت، المجمع الملكي لبحوث الحضارة الإسلامية.
264 #1 - PRODUCTION, PUBLICATION, DISTRIBUTION, MANUFACTURE, AND COPYRIGHT NOTICE
Place of production, publication, distribution, manufacture عمان، الأردن :
Name of producer, publisher, distributor, manufacturer المجمع الملكي لبحوث الحضارة الإسلامية، مؤسسة آل البيت،
Date of production, publication, distribution, manufacture, or copyright notice 1997
300 ## - PHYSICAL DESCRIPTION
Extent 64، 54 صفحة؛
Dimensions 22 سم.
336 ## - CONTENT TYPE
Content type term نص
Content type code txt
Source rdacontent
Materials specified كتاب
337 ## - MEDIA TYPE
Media type term بدون وسيط
Media type code n
Source rdamedia
338 ## - CARRIER TYPE
Carrier type term مجلد
Carrier type code nc
Source rdacarrier
546 ## - LANGUAGE NOTE
Language note النص باللغتين العربية والإنجليزية.
610 27 - SUBJECT ADDED ENTRY--CORPORATE NAME
Corporate name or jurisdiction name as entry element المجمع الملكي لبحوث الحضارة الإسلامية
Source of heading or term aucnm
650 #7 - SUBJECT ADDED ENTRY--TOPICAL TERM
Topical term or geographic name entry element المؤسسات الدينية
Geographic subdivision الأردن
Source of heading or term aucsh
650 #7 - SUBJECT ADDED ENTRY--TOPICAL TERM
Topical term or geographic name entry element الحضارة الإسلامية
Geographic subdivision الأردن
General subdivision جمعيات، إلخ.
Source of heading or term aucsh
942 ## - ADDED ENTRY ELEMENTS (KOHA)
Source of classification or shelving scheme Dewey Decimal Classification
Koha item type Books
Suppress in OPAC No
949 ## - LOCAL PROCESSING INFORMATION (OCLC)
a SA-JeALM
d 251118
u mohamedma123
n 1
Holdings
Withdrawn status Lost status Source of classification or shelving scheme Damaged status Not for loan Home library Current library Date acquired Total checkouts Full call number Barcode Date last seen Price effective from Koha item type
    Dewey Decimal Classification     DR AbdElwahab Library DR AbdElwahab Library 11/19/2025   953.00609568 م ج م 000021285 11/19/2025 11/19/2025 Books